000 00520nam a2200205Ia 4500
005 20250923150322.0
008 008 250917s9999 xx 000 0 eng d
037 _aTextual
040 _aDSWL
_beng
_cDSWL
041 _aeng
_2eng
084 _qDSWL
245 0 _aTheory and practice of community social work
_cEd.by Sh Taylor
260 _aJaipur
_bRawat
_c2013
300 _a442p.
365 _aINR
_b1195
650 _aRW Roberts
_9844641
925 _g1195
942 _cTEXL
999 _c1462114
_d1462114